1492: Conquista del paraíso

Finales del Siglo XV. Cristóbal Colón, un navegante genovés, sueña con encontrar una ruta marítima nueva que permita llegar directamente a los mercados de Asia, a fin de prescindir de los intermediarios que encarecían las mercancías. Había presentado su proyecto al rey de Portugal, pero los expertos...

Descripción completa

Guardado en:
Autor Principal: Scott, Ridley.
Autor Corporativo: Gaumont.
Otros Autores: Depardieu, Gérard; Reparto., Weaver, Sigourney; Reparto.
Formato: Deslizar
Idioma:Undetermined
Publicado: Reino Unido : Gaumont, 1992.
Materias:
Etiquetas: Agregar Etiqueta
Sin Etiquetas, Sea el primero en etiquetar este registro!
LEADER 01937ngm a22002295a 4500
001 CEM.cems020652
008 231115s1992####xx#---############vlund#d
005 20231115214414.0
245 1 0 |a 1492: Conquista del paraíso  |h [videograbación] /  |c Ridley Scott. 
260 |a Reino Unido :  |b Gaumont,  |c 1992. 
300 |a 155'. 
520 |a Finales del Siglo XV. Cristóbal Colón, un navegante genovés, sueña con encontrar una ruta marítima nueva que permita llegar directamente a los mercados de Asia, a fin de prescindir de los intermediarios que encarecían las mercancías. Había presentado su proyecto al rey de Portugal, pero los expertos lo rechazaron porque lo juzgaron factible pero ruinoso. También en Castilla fue rechazado al principio. A pesar de todo, finalmente consigue el apoyo del padre Marchena y del armador Martín Alonso Pinzón. Además, el banquero valenciano Luis de Santángel le promete una audiencia con la Reina Isabel de Castilla, que aprueba el proyecto. El 3 de agosto de 1492, Colón zarpa del Puerto de Palos, ignorando que entre Europa y Asia se interponían un continente (América) y un océano (el Pacífico) que no figuraban en los mapas. El 12 de Octubre de 1492, 'La Pinta', 'La Niña' y 'La Santa María', atracan en una pequeña isla del Caribe a la que llamarán San Salvador. Colón ha descubierto un nuevo continente que ensancha los límites del mundo conocido hasta entonces. 
590 |a Identificación anterior: 289 
538 |a Soporte: DVD -- Formato: DVD – Peso: 3.89gb -- Resolución: 720 x 480 -- 29.97fps 
500 |a Título original: 1492: The Conquest of Paradise – Idioma: Inglés - Subtítulo: Español. 
100 1 |a Scott, Ridley. 
700 1 |a Depardieu, Gérard; Reparto. 
700 1 |a Weaver, Sigourney; Reparto. 
710 2 |a Gaumont. 
653 |a FICCIÓN 
653 |a LARGOMETRAJE 
859 |a CEMS  |b BIB. CEMS - Depto. Recursos Didacticos  |h 778.5  |i SCO-7  |k DRD  |p 3230.23  |t Ej.1